ბათუმის შოთა რუსთაველის სახელმწიფო უნივერსიტეტის ბიბლიოთეკა

Краткий справочник по горючему. (ბიბ.ჩანაწერი № 38216)

000 -LEADER
fixed length control field 00626nam a2200217Ia 4500
001 - CONTROL NUMBER
control field 4206
003 - CONTROL NUMBER IDENTIFIER
control field GE_BSU
008 - FIXED-LENGTH DATA ELEMENTS--GENERAL INFORMATION
fixed length control field 181216s||||||||xx |||||||||||||| ||und||
040 ## - CATALOGING SOURCE
Transcribing agency GE_BSU
080 ## - UNIVERSAL DECIMAL CLASSIFICATION NUMBER
Universal Decimal Classification number 665.4(035)
100 ## - MAIN ENTRY--PERSONAL NAME
Personal name Кушниренко К.Ф.
245 ## - TITLE STATEMENT
Title Краткий справочник по горючему.
245 ## - TITLE STATEMENT
Remainder of title 3-е изд. перераб. и доп.
245 ## - TITLE STATEMENT
Statement of responsibility, etc. ред. Б.С. Жидков.
260 ## - PUBLICATION, DISTRIBUTION, ETC.
Place of publication, distribution, etc. Москва
260 ## - PUBLICATION, DISTRIBUTION, ETC.
Name of publisher, distributor, etc. Воениздат
260 ## - PUBLICATION, DISTRIBUTION, ETC.
Date of publication, distribution, etc. 1979
300 ## - PHYSICAL DESCRIPTION
Extent 381 с. 16 см.
653 ## - INDEX TERM--UNCONTROLLED
Uncontrolled term Краткий справочник по горючему.
942 ## - ADDED ENTRY ELEMENTS (KOHA)
Koha item type წიგნი
ეგზემპლარები
Withdrawn status Lost status Damaged status Not for loan Date acquired Barcode Date last seen Price effective from Koha item type Public note
        2018-12-17 9436 2018-12-17 2018-12-17 წიგნი საცავი